Audit Financiar

Detalles Bibliográficos
Formato: Desconocido
Lenguaje:rumano
Publicado: Rumania : Camera Auditorilor Financiari din Romania - Chamber of Financial Auditors of Romania
Materias:
Acceso en línea:Acceso restringido

MARC

LEADER 00000ny a22000003n 4500
005 20110516143646.0
007 cr
008 101004s19uu9999rm mr p 0 0 |rum d
022 |a 1583-5812 
035 |a 5222 
040 |a BUS  |d vLex 
090 |c 1985  |d 1985 
245 3 0 |a Audit Financiar  |h [Recurso electrn̤ico] 
256 |a Servicio en ln̕ea 
260 |a Rumania :  |b Camera Auditorilor Financiari din Romania - Chamber of Financial Auditors of Romania 
310 |a Mensual 
506 1 |a Contenido solo disponible en los productos indicados  |d vLex Global  |d vLex Global (Academic Edition, excluding Law Schools)  |d vLex Global (U.S. Academic Edition, excluding Law Schools) 
650 0 4 |a Auditora̕ contable  |z Rumania  |x Derecho 
650 0 4 |a Finanzas  |z Rumania  |x Publicaciones perid̤icas 
740 |a vLex Revista (Servicios en ln̕ea) 
843 |a Electrn̤ica. Abierta 
853 |8 1  |i (year)  |j (month)  |k (day) 
856 4 0 |u http://vlex.com/source/5222  |z Acceso restringido 
942 |c REV 
999 4 |a Revistas electrn̤icas